00487 2200205 4500001002100000008004100021035002000062245003500082100001900117250000600136260004300142300001200185084001400197082000800211650001400219990001200233990001200245990001200257990001200269INLIS000000000001139 ind  a0010-0524000374 aUntuk IndonesiacSyafii Efendi aEfendi, Syafii a1 aJakarta :bSukses Muda Indonesiac2017 a140 hlm a000 SYA u a000 aNon Fiksi a0744127 a0744128 a0744129 a0744130